| 000 | 01179njm a2200337 c 4500 | ||
|---|---|---|---|
| 003 | BLK | ||
| 005 | 20180421002340.0 | ||
| 008 | 180410b bul||n||s|||||||| n|bulo| | ||
| 010 | _aCDD00001001000 | ||
| 040 | _aBLK | ||
| 041 |
_aDEU _cDEU |
||
| 080 |
_aСалонни и танцови оркестри. Естраден оркестър. Джаз. Рок _b785.161 _x _z785.161 |
||
| 700 | 1 |
_aLuamar _eизп. _917302 |
|
| 700 | 1 |
_aAhlrichs, Katharina _eвокал _93250 |
|
| 700 | 1 |
_aAhlrichs, Katharina _eударни инстр. _93250 |
|
| 700 | 1 |
_aSchneider, Silvio _eкитара _9354113 |
|
| 139 |
_aLuamar _bL 96 |
||
| 245 | 1 | 0 |
_aAzul [CD аудио] _cизп. Luamar; вокал Katharina Ahlrichs; ударни инстр. Katharina Ahlrichs; китара Silvio Schneider. |
| 257 | _aDEU | ||
| 260 |
_аAsperg _bPeregrina Music _c2009 |
||
| 300 |
_c12 см. Stereo _fбр. в к-т _g1 CD |
||
| 306 | _a50 мин. 27сек. | ||
| 380 | _a7 | ||
| 650 | 4 |
_aУорлд музика _9174666 |
|
| 653 | _aуорлд музика | ||
| 852 |
_aЦб CD 2493 _p0 |
||
| 856 | 4 |
_qpdf _u |
|
| 856 | 4 |
_qpdf _u |
|
| 942 |
_cCDD _n0 |
||
| 944 |
_aCR _c06.04.2010 _kТеодора_Стоянова |
||
| 944 |
_aED _c06.04.2010 _k |
||
| 999 |
_c218465 _d218465 |
||